000 02534cam a22006374i 4500
003 PE-LiUPU
005 20250731170448.0
008 150706s2007 mx a rb 000 0 spa d
020 _a968247549X
020 _a9789682475498
035 _a(Sirsi) i9789682475498
040 _aPE-LiUPU
_bspa
_cPE-LiUPU
_dPE-LiUPU
_erda
049 _aPRUA
082 0 4 _a155.5
_bA34
_221
100 1 _aSaavedra Álvarez, Vicente,
_eautor.
245 1 0 _aAdolescencia y sexualidad :
_bmanual práctico para la elaboración de programas de prevención primaria /
_cVicente Saavedra Álvarez, Nora Isela Macias Núñez, José Armando Peña Moreno.
264 1 _aMéxico :
_bTrillas,
_c2007.
300 _a133 páginas :
_bilustraciones ;
_c27 centímetros
336 _atext
_2rdacontent
337 _aunmediated
_2rdamedia
338 _avolume
_2rdacarrier
504 _aIncluye bibliografía.
505 0 _aEl cuestionario -- Teorías psicológicas sobre la adolescencia -- ¿Qué son y para qué sirven? -- Cartas descriptivas, Ficha técnica y Comic, en los ensayos en UPP -- aprendiendo a conocer los cambios en mi cuerpo -- Aprendiendo a aceptar mi cuerpo -- alternativas para ejercer tu sexualidad -- Alternativas anticonceptivas para adolescentes -- ¿Qué es y cómo cuidarme de una infección de trasmisión sexual?.
526 _aSEG68
526 _aSEG70
526 _aSEG69
526 _aSEG67
526 _aSEG43
526 _aP144
526 _aP143
526 _aP131
526 _aP122
526 _aP120
526 _aP117
526 _aP112
526 _aP110
526 _aP106
526 _aP101
526 _aP80
526 _aP59
526 _aP54
526 _aP35
526 _aP33
526 _aP30
541 _g001-0030831;
650 1 4 _aAdolescentes
_xPsicología.
650 2 4 _aPsicología aplicada.
700 1 _aMacías Núñez, Nora Isela,
_eautor.
700 1 _aPeña Moreno, José Armando,
_eautor.
910 _agl
_bjv
_cng
_d20091209
942 _2ddc
_cBOOK
949 _a155.5 A34
_wDEWEY
_c1
_i60772
_d2016-10-12
_e2016-10-5
_lCCODEBUL1
_mBUL
_n3
_p19.00
_r0
_sY
_tBOOK
_u2015-7-6
_xSALUD
_PP33
_0COMPRA
_o.STAFF. Colección Ciencias de la Salud
994 _aC0
_bPEPRU
596 _a1
999 _a155.5 A34
_wDEWEY
_c50152
_i60772
_d50152
_e2017-9-14
_f2021-11-3
_g6
_lCCODEBUL1
_mBUL
_n4
_p19.00
_q4
_r0
_sY
_tBOOK
_u2015-7-6
_xSALUD
_zP33
_0COMPRA
_o.STAFF. Colección Ciencias de la Salud
980 _81
_gALBERTO SANCHEZ Responsable de Automatización